|
|
|
|
| LEADER |
01434nam a2200457 i 4500 |
| 003 |
CtWfDGI |
| 020 |
|
|
|a 9781845930646
|
| 040 |
|
|
|a CtWfDGI
|c CtWfDGI
|
| 082 |
0 |
4 |
|a 632.9
|
| 245 |
0 |
0 |
|a Ecologically based integrated pest management
|
| 260 |
|
|
|a UK
|b CAB International
|c 2007
|
| 300 |
|
|
|a 1 online resource (xii, 462 pages) :
|
| 500 |
|
|
|a CAB International
|
| 546 |
|
|
|a English
|
| 650 |
|
0 |
|a Plants, Protection of.
|
| 650 |
|
0 |
|a Pests
|
| 650 |
|
4 |
|a Plant Pests, (New March 2000)
|
| 650 |
|
4 |
|a Biological Control.
|
| 650 |
|
4 |
|a Integrated Pest Management.
|
| 650 |
|
4 |
|a Pathogens, Parasites and Infectious Diseases (Wild Animals), (New March 2000)
|
| 650 |
|
4 |
|a Animal Ecology.
|
| 650 |
|
7 |
|a Insects.
|
| 650 |
|
7 |
|a Animal ecology.
|
| 650 |
|
7 |
|a Biological control.
|
| 650 |
|
7 |
|a Chemical control.
|
| 650 |
|
7 |
|a Hosts.
|
| 650 |
|
7 |
|a Integrated control.
|
| 650 |
|
7 |
|a Integrated pest management.
|
| 650 |
|
7 |
|a Natural enemies.
|
| 650 |
|
7 |
|a Parasitoids.
|
| 650 |
|
7 |
|a Pest control.
|
| 650 |
|
7 |
|a Predator prey relationships.
|
| 650 |
|
7 |
|a Predators.
|
| 650 |
|
7 |
|a Predatory insects.
|
| 650 |
|
7 |
|a Prey.
|
| 700 |
1 |
|
|a Cuperus, Gerrit W.,
|
| 700 |
1 |
|
|a Koul, Opender,
|
| 856 |
4 |
0 |
|u http://dx.doi.org/10.1079/9781845930646.0000
|
| 942 |
|
|
|2 ddc
|c EB
|
| 999 |
|
|
|c 140828
|d 140828
|
| 952 |
|
|
|0 0
|1 0
|2 ddc
|4 0
|6 632_900000000000000
|7 0
|8 EB
|9 157078
|a KAUCLV
|b KAUCLV
|c EB
|d 2017-10-05
|o 632.9
|p EB277
|r 2017-10-05
|w 2017-10-05
|y EB
|